| 000 | 00757nam a22002298a 4500 | ||
|---|---|---|---|
| 001 | 016057488 | ||
| 003 | Uk | ||
| 005 | 20130102095401.0 | ||
| 008 | 120320s2012 enk 000 0 eng|d | ||
| 015 |
_aGBB231094 _2bnb |
||
| 020 | _a0521165245 | ||
| 020 | _a9780521165242 | ||
| 040 |
_aStDuBDS _beng _cStDuBDS |
||
| 082 | 0 | 4 |
_a428.24 _223 _bCAM |
| 245 | 0 | 0 |
_aCambridge Academic English : _ban Integrated Skills Course for EAP : Class Audio CD : Advanced / _cby Martin Hewings. |
| 246 | 3 | 0 | _aAcademic English |
| 260 |
_aCambridge : _bCambridge University Press, _c2012. |
||
| 300 | _a13.9 x 0.5 x 18.8 cm | ||
| 650 | 0 |
_aEnglish language _xStudy and teaching (Higher) _xForeign speakers. _930946 |
|
| 653 |
_bENG _cSeptember2012 |
||
| 942 |
_2ddc _cBB _k428.24 CAM |
||
| 999 |
_c17014 _d16986 |
||